| 000 | 00901nam a2200265 a 4500 | ||
|---|---|---|---|
| 001 | 000048123 | ||
| 003 | DO-SdBNP | ||
| 005 | 20230125134849.0 | ||
| 007 | ta | ||
| 008 | 181119s2015 dr a 000 0 spa d | ||
| 020 | _a9789945175585 | ||
| 040 |
_aDO-SdBNP _bspa _cBNPHU |
||
| 082 | 4 |
_bI12a _222 |
|
| 100 | 1 |
_aIbarrola, Begoña _975605 |
|
| 245 | 1 | 0 |
_aAprendizaje emocionante : _bneurociencia para el aula / _cBegoña Ibarrola, prólogo de Rafael Bisquerra. |
| 260 |
_aSanto Domingo : _bSM, _c2015 |
||
| 300 |
_a312p. : _bil., ; _c24 cm. |
||
| 490 | 1 | _aBiblioteca innovación educativa | |
| 500 | _aIncluye datos biográficos del autor en la solapa de la cubierta | ||
| 500 | _aIncluye referencias bibliográficas y notas al pie de las paginas | ||
| 504 | _aBibliografía: p. 309-311 | ||
| 590 | _aInventariado, 2018 / MFF | ||
| 700 | 1 |
_aBisquera, Rafael, _epról. _975606 |
|
| 942 |
_2ddc _cLBS1 |
||
| 999 |
_c47611 _d47611 |
||